00452nam a2200169Ia 4500999001700000003000400017005001700021008004100038040000900079082001500088100002800103245005500131260002900186300000900215650002200224942003600246 c34781d34781OSt20200201114048.0190216s9999||||xx |||||||||||||| ||und|| coclc a320bWIL/P a Wilford G, James91751 0aPolitical Science And Goverment /cJames Wilford G bAmerican Book Co,c1935. a750p aPolitical Science cBK2ddch320iWIL/Pk320mWIL/P